000 003360000a22000970004500
100 1 _aWatts, R. E.
245 1 0 _aEchoes from the past : Israle's ancient traditions and the destinity of the nations in Isaiah 40-55
300 _aVol. 28, Núm 4 (2004), Páginas 481-508
773 0 _tJournal for the Study of the Old Testament
942 _cANA
999 _c54914
_d54914